000 00611nam a2200229Ia 4500
003 OSt
005 20220928105041.0
006 a|||||r|||| 00| 0
007 ta
008 220927b |||||||| |||| 00| 0 eng d
024 _a47623
037 _cTextual
040 _aSDCL
_cSDCL
_beng
041 _2eng
_aeng
082 _aY:1.2'N6, N8
100 _aJatava D R
_9413489
245 0 _aIndian society
_b Culture and ideologies.
260 _aJaipur
_bSurabhi Publications
_c1998
300 _a326p.
_ccm.
942 _hY:1.2'N6, N8
_cTEXL
_2CC
999 _c729278
_d729278